000 00452cam a2200193ua 4500
001 1152
008 110429n ii |||gr||||Z||||||eng
040 _cMAIN
082 _a339.01
245 1 _aMacro-economics.
_cBy K R Gupta.
250 _a3rd.
260 _aDelhi.:
_bAtma ram & sons.,985.
300 _a628 p.:
_c25 cm.
653 _aEconomics.
653 _aMacro economics.
700 _aGupta, K R.,
700 _aAhmad, Ausaf.,
942 _cBK
999 _c1064
_d1064